A phonetic study of west African languages: an auditory-instrumental survey (Record no. 358107)

MARC details
000 -LEADER
fixed length control field 00677nam a2200217Ia 4500
008 - FIXED-LENGTH DATA ELEMENTS--GENERAL INFORMATION
fixed length control field 191130s1968##################000#0#eng##
020 ## - INTERNATIONAL STANDARD BOOK NUMBER
ISBN 9780521116237
082 ## - DEWEY DECIMAL CLASSIFICATION NUMBER
Classification number 496 LAD
100 ## - MAIN ENTRY--AUTHOR NAME
Personal name Ladefoged, Peter
245 ## - TITLE STATEMENT
Title A phonetic study of west African languages: an auditory-instrumental survey
250 ## - EDITION STATEMENT
Edition statement 2nd ed
260 ## - PUBLICATION, DISTRIBUTION, ETC. (IMPRINT)
Place of publication Cambridge
Name of publisher Cambridge University Press
Year of publication 1968
300 ## - PHYSICAL DESCRIPTION
Number of Pages xviii, 74 p. 16 plates, illus., map. 26 cm
500 ## - GENERAL NOTE
General note Bibliography: p. 67-70
650 ## - SUBJECT ADDED ENTRY--TOPICAL TERM
Topical Term Africa, West - Languages
Topical Term African languages - Phonology
991 ## -
-- 416547
Holdings
Withdrawn status Lost status Damaged status Not for loan Home library Current library Date acquired Full call number Accession Number Price effective from Koha item type
        Anna Centenary Library Anna Centenary Library 17.10.2020 496 LAD 197042 17.10.2020 English Books

Find us on the map